000 00726nam a2200241Ia 4500
001 Z_5810
003 CHAP
008 220113s2009 xx 000 0 und d
010 _a169010
040 _cCHAP
090 _aTesis R 2137
100 _aRodríguez González, Wilberto
_998554
245 _aUtilización de alfalfa fresca, cebada germinada y semilla de girasol integral en la alimentación de conejos de engorda /
_cWilberto Rodríguez González
260 _aChapingo, Méx. :
_bEl autor,
_c2009
300 _a41 h.
502 _aTesis (Ing. Agr. Esp. en Zootecnia) -- UACH. Departamento de Zootecnia
901 _aTESIS R 2137
902 _aA
910 _a2009
942 _c2
942 _c2
999 _c169010
_d169010